Normal view
MARC view
Entry Uniform Title
001 - CONTROL NUMBER
- control field: 12381
003 - CONTROL NUMBER IDENTIFIER
- control field: ARRUPE
005 - DATE AND TIME OF LATEST TRANSACTION
- control field: 20141104120804.0
008 - FIXED-LENGTH DATA ELEMENTS
- fixed length control field: 141104|| aca||aabn | a|a d
040 ## - CATALOGING SOURCE
- Original cataloging agency: ARRUPE
- Transcribing agency: ARRUPE
130 ## - HEADING--UNIFORM TITLE
- Uniform title: Bible.
- Name of part/section of a work: Gospels
- General subdivision: Socio-rhetorical criticism.
670 ## - SOURCE DATA FOUND
- Source citation: Work cat.: (ARRUPE)0: Hearon, Holly E. 7225, The Mary Magdalene tradition :, c2004.